000 00993nam a2200277 i 4500
003 DO-SdBNP
005 20250623153038.0
007 ta
008 250623b2020 dr ||||| |||| 00| 0 spa d
020 _a9789945923650
040 _aDO-SdBNP
_bspa
_cBNPHU
_erda
082 _axxx
_bA719
_222
100 1 _aAriza Vólquez, Catherine
_eautora
_4aut.
_988095
245 0 _aConócete :
_bdescubre que tienes en tus manos la vida que anhelas /
_cCatherine Ariza Vólquez ; prólogo, Luis Minaya
264 _aSanto Domingo :
_bBien-etre Media Group,
_c2020.
300 _a143 páginas ;
_c23 cm.
336 _atexto
_btxt
_2rdacontent
337 _asin mediación
_bn
_2rdamedia
338 _avolumen
_bnc
_2rdacarrier
500 _aIncluye datos biografícos de la autora en la solapa de la cubierta y en las páginas 140-141.
504 _aBibliografía p: 142-143.
590 _aInventariado, 2025/ YL
700 1 _aMinaya, Luis
_eprólogo
_4pr.
_988171
910 _aYLockward
942 _2ddc
_cLBS1
999 _c58708
_d58708